Literary Title Threesomes II Quiz Stats

 Plays Quiz Updated May 23, 2013

Challenge
Share
Tweet
Score 0/78 Timer 06:00
0 Plays Today
Hint Title % Correct
TheThe Great Gatsby
97.9%
GreatThe Great Gatsby
97.9%
GatsbyThe Great Gatsby
97.9%
SenseSense and Sensibility
95.4%
AndSense and Sensibility
95.4%
SensibilitySense and Sensibility
95.4%
WarWar And Peace
89.3%
AndWar And Peace
89.3%
PeaceWar And Peace
89.3%
TheThe Polar Express
88.8%
PolarThe Polar Express
88.8%
ExpressThe Polar Express
88.8%
EastEast Of Eden
87.5%
OfEast Of Eden
87.5%
EdenEast Of Eden
87.5%
TerabithiaBridge to Terabithia
85.5%
ToBridge to Terabithia
85.5%
BridgeBridge to Terabithia
85.2%
EatEat, Pray, Love
80.6%
PrayEat, Pray, Love
80.6%
LoveEat, Pray, Love
80.6%
Labour'sLove's Labour's Lost
79.7%
Love's Love's Labour's Lost
79.7%
LostLove's Labour's Lost
79.7%
TuesdaysTuesdays With Morrie
76.4%
WithTuesdays With Morrie
76.4%
MorrieTuesdays With Morrie
76.4%
AA Modest Proposal
58.1%
ModestA Modest Proposal
58.1%
ProposalA Modest Proposal
58.1%
JonathanJonathan Livingston Seagull
56.9%
SeagullJonathan Livingston Seagull
56.9%
LivingstonJonathan Livingston Seagull
56.9%
DemocracyDemocracy In America
54.6%
InDemocracy In America
54.6%
AmericaDemocracy In America
54.6%
DearDear Mr. Henshaw
54.3%
Mr. Dear Mr. Henshaw
54.3%
HenshawDear Mr. Henshaw
54.3%
Hint Title % Correct
WideWide Sargasso Sea
53.1%
SargassoWide Sargasso Sea
53.1%
SeaWide Sargasso Sea
53.1%
LeavesLeaves of Grass
52.8%
OfLeaves of Grass
52.8%
GrassLeaves of Grass
52.8%
JudeJude the Obscure
48%
TheJude the Obscure
48%
ObscureJude the Obscure
48%
AA Mathematician's Apology
41.8%
Mathematician'sA Mathematician's Apology
41.8%
ApologyA Mathematician's Apology
41.8%
TheThe Big Sleep
41.8%
BigThe Big Sleep
41.8%
SleepThe Big Sleep
41.8%
NotesNotes From Underground
34%
FromNotes From Underground
34%
UndergroundNotes From Underground
34%
BudBud, Not Buddy
29.8%
NotBud, Not Buddy
29.8%
BuddyBud, Not Buddy
29.8%
SurprisedSurprised By Joy
29%
BySurprised By Joy
29%
JoySurprised By Joy
29%
GödelGödel, Escher, Bach
26.9%
EscherGödel, Escher, Bach
26.9%
BachGödel, Escher, Bach
26.9%
AppointmentAppointment in Samarra
26.2%
InAppointment in Samarra
26.2%
SamarraAppointment in Samarra
26.2%
RabbitRabbit Is Rich
23.9%
IsRabbit Is Rich
23.9%
RichRabbit Is Rich
23.9%
II And Thou
21.2%
AndI And Thou
21.2%
ThouI And Thou
21.2%
And...And Now Miguel
16.2%
Now...And Now Miguel
16.2%
Miguel...And Now Miguel
16.2%

You're not logged in!

Compare scores with friends on all Sporcle quizzes.
Join for Free
OR
Log In

You Might Also Like...

Show Comments

Extras

Top Quizzes Today


Score Distribution

Your Account Isn't Verified!

In order to create a playlist on Sporcle, you need to verify the email address you used during registration. Go to your Sporcle Settings to finish the process.

Report this User

Report this user for behavior that violates our Community Guidelines.

Details: